| 000 | 00866cab a2200241 4500 | ||
|---|---|---|---|
| 001 | X3743 | ||
| 008 | 090401t1996 xxu||||| |||| 00| 0 eng d | ||
| 035 | _a(Sirsi) u32480 | ||
| 041 | _aeng | ||
| 245 | _aFoster v SoS Environment and Crewe & Nantwich BC | ||
| 260 | _c1996 | ||
| 350 | _a0 | ||
| 490 |
_aNew Property Cases _v[1996] NPC 142(3) |
||
| 520 | _aCA 15 October 1996. Change of use from agricultural storage/service buildings to livestock buildings and siting of residential caravan for agricultural worker. PPG7. (taken from case heading) (NOTE:- NO PHOTOCOPYING ALLOWED). | ||
| 650 | _aAGRICULTURAL DWELLINGS | ||
| 650 | _aCHANGE OF USE | ||
| 650 | _aFOSTER V SOS ENVIRONMENT AND CREWE AND NANTWICH BC | ||
| 650 | _aLIVESTOCK BUILDINGS | ||
| 650 | _aPPG7 | ||
| 690 | _aPLANNING LAW AND PRACTICE-CASE LAW | ||
| 942 | _n0 | ||
| 948 | _c04/03/1997 | ||
| 999 |
_c21749 _d21749 |
||